Women in love (Record no. 395122)
[ view plain ]
| 000 -LEADER | |
|---|---|
| fixed length control field | 00434 a2200181 4500 |
| 005 - DATE & TIME | |
| control field | 20260116161138.0 |
| 008 - FIXED-LENGTH DATA ELEMENTS--GENERAL INFORMATION | |
| fixed length control field | 260115b |||||||| |||| 00| 0 eng d |
| 020 ## - ISBN | |
| International Standard Book Number | 9789394973664 |
| Price | Rs. 625.00 |
| 040 ## - CATALOGING SOURCE | |
| Original cataloging agency | VIVEKANANDA LIBRARY |
| 082 ## - DDC NUMBER | |
| Classification number | 823 |
| Book Number | L435W |
| 100 ## - MAIN ENTRY--PERSONAL NAME | |
| Personal name | Lawrence, D H |
| 245 ## - TITLE STATEMENT | |
| Title | Women in love |
| 260 ## - PUBLICATION, DISTRIBUTION, ETC. (IMPRINT) | |
| Name of publisher, distributor, etc | Double 9 Books |
| Date of publication, distribution, etc | 2024 |
| Place of publication, distribution, etc | New Delhi |
| 300 ## - PHYSICAL DESCRIPTION | |
| Pages | 520 |
| 650 ## - Subject | |
| Subject | English |
| 650 ## - Subject | |
| Subject | English Novel |
| 942 ## - ADDED ENTRY ELEMENTS (KOHA) | |
| Koha item type | Books |
| Withdrawn status | Lost status | Source of classification or shelving scheme | Damaged status | Not for loan | Location (home branch) | Sublocation or collection (holding branch) | Shelving location | Date acquired | Koha issues (times borrowed) | Koha full call number | Accession No. | Koha date last seen | Koha item type |
|---|---|---|---|---|---|---|---|---|---|---|---|---|---|
| Dewey Decimal Classification | VIVEKANANDA LIBRARY | VIVEKANANDA LIBRARY | Vivekananda Library | 23/12/2025 | 823 L435W | 443805 | 23/12/2025 | Books |
